| 000 | 00745nam a2200253 a 4500 | ||
|---|---|---|---|
| 001 | 000015339 | ||
| 003 | DO-SdBNP | ||
| 005 | 20230404082903.0 | ||
| 007 | ta | ||
| 008 | 100205s2006 dr 000 0 spa d | ||
| 040 |
_aDO-SdBNP _bspa _cBNPHU |
||
| 041 | 1 | 7 | _aeng |
| 049 | _aBNPD | ||
| 082 | 4 |
_a346.07 _bP387d _222 |
|
| 110 |
_aPellerano y Herrera Abogados _983232 |
||
| 245 | 0 | 0 | _aDoing business in the Dominican Republic / |
| 260 |
_aSanto Domingo : _bPellerano & Herrera, _c2006. |
||
| 300 |
_a140 p. ; _c28 cm. |
||
| 590 | _aInventariado 2023/MAA | ||
| 650 | 4 |
_aDerecho comercial _xRepública Dominicana _983233 |
|
| 650 | 4 |
_aNegocios _xRepública Dominicana _983234 |
|
| 910 | _aValidado. Control de calidad. MAA | ||
| 942 |
_2ddc _cLBS1 |
||
| 999 |
_c14905 _d14905 |
||